| Tag |
First Indicator |
Second Indicator |
Subfields |
| LEADER |
00000ctm a2200000Ia 4500 |
| 001 |
in00000008575 |
| 005 |
20220104090733.0 |
| 008 |
880215s1986 xx a bm 000 0 eng d |
| 035 |
|
|
|9 AAA0972AM
|
| 035 |
|
|
|a (OCoLC)17475026
|
| 035 |
|
|
|a (OCoLC)ocm17475026
|
| 040 |
|
|
|a TXA
|b eng
|c TXA
|d OCLCQ
|d OCLCF
|d OCLCO
|d OCLCQ
|d TXA
|
| 043 |
|
|
|a n-us---
|
| 049 |
|
|
|a TXAM
|
| 099 |
|
|
|a 1986
|a Disser-
|a tation
|a M378
|
| 100 |
1 |
|
|a Martin, Charles Landrum,
|d 1956-
|
| 245 |
1 |
2 |
|a A preliminary investigation of consumer commitment and enduring involvement life cycles /
|
| 264 |
|
1 |
|c 1986.
|
| 300 |
|
|
|a xvi, 319 leaves :
|b illustrations ;
|c 29 cm
|
| 336 |
|
|
|a text
|b txt
|2 rdacontent
|
| 337 |
|
|
|a unmediated
|b n
|2 rdamedia
|
| 338 |
|
|
|a volume
|b nc
|2 rdacarrier
|
| 500 |
|
|
|a "Major subject: Marketing."
|
| 500 |
|
|
|a Typescript (photocopy).
|
| 500 |
|
|
|a Vita.
|
| 502 |
|
|
|b Ph. D.
|c Texas A & M University
|d 1986
|
| 504 |
|
|
|a Includes bibliographical references (leaves 258-273).
|
| 520 |
3 |
|
|a A conceptualization of consumer commitment and enduring involvement life cycles is presented and preliminary steps toward operationalization are taken to explore this phenomenon of consumer evolution. Learning/socialization, variety drive, and cognitive dissonance theories are offered as tentative explanations to account for movement along the two life cycles. Likert-type summated rating scales were developed to measure consumer commitment to and enduring involvement with bowling over a one-year period. Both scales were found to be valid and reliable. Mail questionnaires collected data from 666 respondents who reported bowling activity during the twelve-month period ending July/August, 1985. Two national sampling frames included both subscribers to a well-known, prestigious bowling magazine--Bowlers Journal--and the general public. Various measures of association found several behavioral, classificational and attitudinal independent variables to be strongly associated with level of commitment and enduring involvement, but only weakly related to the amount of change in commitment and enduring involvement. Although there are conceptual shades of difference between commitment and enduring involvement, canonical analysis found the two constructs to be inseparably intertwined. Logistic regression provided some support for the contention that distinctly different attitudinal, behavioral, and classificational independent variables are associated with each stage in the commitment and enduring involvement life cycles. Related-activity diversification, skill, recent skill development, number of outlets partronized, consumption rate, product-related expenditures, and stage in the family life cycle were among the most significant independent variables.
|
| 650 |
|
0 |
|a Bowling
|z United States.
|
| 650 |
|
0 |
|a Consumers
|z United States.
|
| 650 |
|
0 |
|a Marketing research
|z United States.
|
| 650 |
|
0 |
|a Motivation research (Marketing)
|
| 650 |
|
4 |
|a Major marketing.
|
| 650 |
|
7 |
|a Bowling.
|2 fast
|0 (OCoLC)fst00837232
|
| 650 |
|
7 |
|a Consumers.
|2 fast
|0 (OCoLC)fst00876410
|
| 650 |
|
7 |
|a Marketing research.
|2 fast
|0 (OCoLC)fst01010284
|
| 651 |
|
7 |
|a United States.
|2 fast
|0 (OCoLC)fst01204155
|
| 655 |
|
7 |
|a Academic theses
|2 lcgft
|
| 700 |
1 |
|
|a Hise, Ricahrd T.,
|e degree supervisor.
|
| 700 |
1 |
|
|a Longnecker, Michael T.,
|e degree committee member.
|
| 700 |
1 |
|
|a McNeal, James U.,
|e degree committee member.
|
| 700 |
1 |
|
|a Parasuraman, A.,
|e degree committee member.
|
| 710 |
2 |
|
|a Texas A & M University,
|e degree granting institution.
|
| 856 |
4 |
1 |
|u http://proxy.library.tamu.edu/login?url=http://proquest.umi.com/pqdweb?did=752277351&sid=1&Fmt=2&clientId=2945&RQT=309&VName=PQD
|z Link to ProQuest copy
|t 0
|
| 856 |
4 |
1 |
|u https://hdl.handle.net/1969.1/DISSERTATIONS-14912
|z Link to OAKTrust copy
|t 0
|
| 994 |
|
|
|a C0
|b TXA
|
| 999 |
f |
f |
|s 2bc2d454-47e2-3e57-b5aa-5d0d018891b3
|i bfcf617f-1a34-364f-b9a5-e00e6266aeaa
|t 0
|
| 952 |
f |
f |
|p noncirc
|a Texas A&M University
|b J.J. Pickle Campus
|c High Density Repository
|s HDR
|d Remote Storage
|t 0
|e 1986 Dissertation M378
|h Other scheme
|i unmediated -- volume
|m A14839614710
|
| 952 |
f |
f |
|a Texas A&M University
|b College Station
|c Electronic Resources
|s www_evans
|d Available Online
|t 0
|e 1986 Dissertation M378
|h Other scheme
|
| 998 |
f |
f |
|a 1986 Dissertation M378
|t 0
|l Available Online
|
| 998 |
f |
f |
|a 1986 Dissertation M378
|t 0
|l Remote Storage
|